| 000 | 00458nam a2200181Ia 4500 | ||
|---|---|---|---|
| 001 | 13000 | ||
| 005 | 20260306163021.0 | ||
| 008 | 260306t1997||||xx |||||||||||||| ||spa|| | ||
| 041 | _aESP | ||
| 082 |
_aRD 620.003 _bR71 |
||
| 100 |
_aRobb, Luis A. _eAUT |
||
| 245 | 0 |
_aDiccionario para ingeniero: _bespañol-ingles / ingles-español |
|
| 260 | _c1997 | ||
| 300 |
_a664 páginas : _c23 cm. |
||
| 650 | _aGEN | ||
| 654 | _aCII | ||
| 942 |
_cDIC _dJUS _fJUS _2ddc _n |
||
| 999 |
_c13000 _d13000 |
||